Catálogo
 En Linea

Cómo salir de la depresión, el suicidio y las enfermedades / (Registro nro. 6809)

Detalles MARC
000 -CABECERA
campo de control de longitud fija 00606nam a2200181 a 4500
001 - NÚMERO DE CONTROL
campo de control 000007025
005 - FECHA Y HORA DE LA ÚLTIMA TRANSACCIÓN
campo de control 20200929154039.0
008 - DATOS DE LONGITUD FIJA--INFORMACIÓN GENERAL
campo de control de longitud fija 090904s2007 dr 000 0 spa d
020 ## - NÚMERO INTERNACIONAL ESTÁNDAR DEL LIBRO
Número Internacional Estándar del Libro 9789945130416
040 ## - FUENTE DE LA CATALOGACIÓN
Centro catalogador/agencia de origen DO-SdBNP
Lengua de catalogación spa
Centro/agencia transcriptor BNPHU
082 ## - NÚMERO DE LA CLASIFICACIÓN DECIMAL DEWEY
Número de clasificación xxxx
Número de documento/Ítem B467c
100 1# - ENTRADA PRINCIPAL--NOMBRE DE PERSONA
Nombre de persona Benítez, Johnny,
Fechas asociadas al nombre 1967-
9 (RLIN) 19517
245 10 - MENCIÓN DE TÍTULO
Título Cómo salir de la depresión, el suicidio y las enfermedades /
Mención de responsabilidad, etc. Johnny Benítez.
260 ## - PUBLICACIÓN, DISTRIBUCIÓN, ETC.
Lugar de publicación, distribución, etc. Santo Domingo :
Nombre del editor, distribuidor, etc. [s.n.],
Fecha de publicación, distribución, etc. 2007.
300 ## - DESCRIPCIÓN FÍSICA
Extensión 126 p. ;
Dimensiones 21 cm.
500 ## - NOTA GENERAL
Nota general Incluye datos biográficos del autor
590 ## - NOTA LOCAL (RLIN)
Nota local La biblioteca posee un ejemplar autografíado por el autor
Existencias
Estado de retiro Estado de pérdida Restricciones de uso No para préstamo Código de colección Localización permanente Ubicación/localización actual Ubicación en estantería Fecha de adquisición Número de inventario Total de préstamos Signatura topográfica completa Código de barras Fecha visto por última vez Número de copia Precio válido a partir de Tipo de ítem Koha
    Préstamo interno   Dominicana de Servicio General General En catalogación 27.01.2010 LF1   xxxx B467c 7025-30 25.06.2020 e. 3 25.06.2020 Libro y Folleto Colección Dominicana de Servicio
    Préstamo interno   Dominicana de Servicio General General En catalogación 27.01.2010 LF1   xxxx B467c 7025-40 25.06.2020 e. 4 25.06.2020 Libro y Folleto Colección Dominicana de Servicio
    Préstamo interno   Dominicana de Servicio General General En catalogación 07.05.2013 LF1   xxxx B467c 7025-70 25.06.2020 e. 5 25.06.2020 Libro y Folleto Colección Dominicana de Servicio
      Excluido de préstamo Patrimonio Dominicano Patrimonio Dominicano Patrimonio Dominicano En catalogación 04.09.2009 LF1   xxxx B467c 7025-10 25.06.2020   25.06.2020 Libro y Folleto Colección Patrimonio Dominicano
      Excluido de préstamo Patrimonio Dominicano Patrimonio Dominicano Patrimonio Dominicano En catalogación 27.01.2010 LF1   xxxx B467c 7025-20 25.06.2020 e. 2 25.06.2020 Libro y Folleto Colección Patrimonio Dominicano

Con tecnología Koha